| 000 | 01005cam a2200325 a 4500 | ||
|---|---|---|---|
| 001 | 000014696 | ||
| 005 | 20200929163904.0 | ||
| 008 | 910401s1994 ec a 000 0cspa | ||
| 020 | _a9978870393 (para la obra) | ||
| 020 | _a9978870245 (para la colección) | ||
| 035 | _a(DLC) 91135848 | ||
| 040 |
_aDO-SdBNP _bspa _cBNPHU _dDLC |
||
| 041 | 1 | 7 |
_aspa _aque _2Código de idioma MARC |
| 050 | 0 | 0 |
_aF2230.2.K4 _bH37 1990 |
| 082 |
_ann _bB938m, 1994 |
||
| 100 | 1 |
_aBulnes, Martha _933318 |
|
| 245 | 1 | 0 |
_aMe levanto y digo : _btestimonio de tres mujeres quichuas / _cMartha Bulnes. |
| 246 | 1 | 0 | _aHatarishpa ninimi |
| 250 | _a3a ed. | ||
| 260 |
_aQuito, Ecuador : _bEl Conejo, _c1994. |
||
| 300 |
_a152 p. : _bil. ; _c21 cm. |
||
| 490 | 1 | _aEcuador/testimonio | |
| 500 | _aQuechua and Spanish. | ||
| 500 | _aCover title. | ||
| 650 | 0 |
_aQuechua women _xBiography. _933319 |
|
| 740 | 0 | _aMe levanto y digo. | |
| 830 | 0 |
_aEcuador/testimonio _933320 |
|
| 910 | _aCatalogación derivada | ||
| 049 | _aBNGR | ||
| 999 |
_c14279 _d14279 |
||